Normal view
MARC view
Entry Topical Term
001 - CONTROL NUMBER
- control field: 10216
003 - CONTROL NUMBER IDENTIFIER
- control field: dpl
005 - DATE AND TIME OF LATEST TRANSACTION
- control field: 20100810144820.0
008 - FIXED-LENGTH DATA ELEMENTS
- fixed length control field: 100810|||a|||||| | ||| d
040 ## - CATALOGING SOURCE
- Original cataloging agency: dpl
- Transcribing agency: dpl
150 ## - HEADING--TOPICAL TERM
- Topical term or geographic name as entry element: Biography
670 ## - SOURCE DATA FOUND
- Source citation: Work cat.: (dpl): Thatte, Suresh Hari 10215, Aamche Bhau [our 'Bhau'] :, 2008
670 ## - SOURCE DATA FOUND
- Source citation: Work cat.: (dpl): Thatte, Suresh Hari 10215, Aamche Bhau [our 'Bhau'] :, 2008
